And Tango makes three

Αποθηκεύτηκε σε:
Λεπτομέρειες βιβλιογραφικής εγγραφής
Κύριος συγγραφέας: Richardson, Justin, 1963-
Άλλοι συγγραφείς: Parnell, Peter, Cole, Henry, 1955- (Εικονογράφος)
Μορφή: Βιβλίο
Γλώσσα:English
Δημοσίευση: New York ; London : Simon & Schuster Books for Young Readers, [2005].
Θέματα:
Ετικέτες: Προσθήκη ετικέτας
Δεν υπάρχουν, Καταχωρήστε ετικέτα πρώτοι!

MARC

LEADER 00000cam a2200000 i 4500
001 1/83272
008 080418s2005 us | ||| |||| ||eng||
020 |a 9780689878459 (hbk.) 
020 |a 0689878451 (hbk.) 
035 |l 10096884 
040 |a GR-MY-UA  |b gre  |e aacr 
041 0 |a eng 
082 0 |a 809.89282   |2 (22) 
100 1 |a Richardson, Justin,   |d 1963- 
245 1 0 |a And Tango makes three /   |c by Justin Richardson and Peter Parnell ; illustrated by Henry Cole. 
260 |a New York ; London :   |b Simon & Schuster Books for Young Readers,   |c [2005]. 
300 |a π. 35 σ. :   |b έγχρ. εικ. ;   |c 22 εκ. 
650 0 0 |a Penguins  |x Juvenile fiction. 
650 0 0 |a Zoo animals  |x Juvenile fiction. 
650 0 0 |a Homosexuality in animals. 
650 0 0 |a Familial behavior in animals  |x Juvenile literature. 
650 0 0 |a Children's literature. 
655 7 |a Fairy tales  |2 lcgft 
700 1 |a Parnell, Peter. 
700 1 |a Cole, Henry,   |d 1955-  |4 ill 
852 |a INST  |b RHODES  |e 20080418  |h 809.89282 RIC  |p 005400029263  |q 005400029263  |t BK  |y 0 
901 |a BIBL4-2008-1 
909 |a Ρ  |b 152360 
922 |a 4ΕΛΗ  |b 200803  |c ΕΠΕΑΕΚ2/ΤΕΠΑΕΣ  |d ΕΛΕΥΘΕΡΟΥΔΑΚΗΣ 
970 |a ΧΑΡΙΟΠΟΛΙΤΟΥ  |b ΚΩΝΣΤΑΝΤΙΝΑ  |z 2008/04/18